00629nam a22001817a 450000500170000000800410001708200170005810000180007524500530009325000060014626000600015230000110021249000110022365000190023494200070025399900170026095201700027720260407113839.0260407b |||||||| |||| 00| 0 eng d a307.1bMEH-J aMehdi, Hasan  aJournal of Rural Development and Administration  b4 aPeshawar bPakistan Academy for Rural Developmentc1996 a165 p. vXXVIII aAllied Subject cBK c47227d47227 00w2026-04-071040708Allied Material aAUSCbAUSCcAllied Materials d2026-04-07eGifted By Dr. Salman Hasan l0o307.1 MEH-JpAUHEG0024r2026-04-07 11:39:00yBK